ZMENY LIGNÍNU V PROCESE HORENIA SMREKOVÉHO DREVA

Bibliographic Details
Main Authors: Marková, Iveta, 1971- (Author), Kačík, František, 1958- (Author), Osvald, Anton (Author)
Format: Article
Language:Slovak

MARC

LEADER 00000nab a2200000 a 4500
001 vtls011115111
003 SK-MaSNL
005 20260303142744.0
008 230222|1996 xo |||||||||||||||||slo|
015 |a SNBRB 
035 |a (uuid)c3244236-c03f-468c-998a-66937283b0b9 
035 |a (urnnbn)urn:nbn:sk:snk:ar-a08jl5 
035 |a urn:nbn:sk:snk-ab9ltx 
040 |a SNKBUCL  |b slo  |c SNKBUCL  |e AACR2 
041 0 |a slo 
044 |a xo  |c SK 
100 1 |a Marková, Iveta,  |d 1971-  |4 aut  |9 187542 
245 1 0 |a ZMENY LIGNÍNU V PROCESE HORENIA SMREKOVÉHO DREVA  |c Iveta Marková, František Kačík, Anton Osvald 
700 1 |a Kačík, František,  |d 1958-  |4 aut  |9 158956 
700 1 |a Osvald, Anton  |4 aut  |9 270813 
773 0 |t Acta Facultatis Xylologiae Zvolen Res Publica Slovaca : zborník vedeckých prác Drevárskej fakulty Technickej univerzity vo Zvolene  |g Roč. 38, č. 2 (1996), s. 25-34 
954 |a odborná, vedecká literatúra pôvodná (slovenská)  |2 lita 
958 |a OND 
958 |a EUIPO 
958 |a article13 
999 |c 1985921  |d 1987851